| 000 | 00889cam a22001814a 4500 | ||
|---|---|---|---|
| 005 | 20250605163350.0 | ||
| 008 | 250528s ||||||||||||||||||||||||d | ||
| 035 | _a17665 | ||
| 020 | _a9786188106758 | ||
| 040 |
_aGR-AtMCL _bgre _dGR-AtMCL _eAACR2 |
||
| 245 | 1 | _aΓνωρίστε το e-mail στα δημοφιλή δίκτυα / Gmail - Yahoo - Outlook.com Κόλπα και Μυστικά, Περιήγηση στο Περιβάλλον | |
| 260 |
_bDigerati, _c2014 |
||
| 300 | _a98 | ||
| 520 | _aΕισαγωγή, Ανεπιθύμητα e-mail & Απάτες, Gmail στα Smartphones, Συγχρονισμός Gmail σε πολλούς Υπολογιστές, Δημιουργία Λογαριασμού στο Yahoo, Πρόσβαση στο Yahoo από άλλες εφαρμογές e-mail, Outlook.com στα Smartphones. | ||
| 942 | _cBK | ||
| 999 |
_c3067 _d3067 |
||